Every Tevin Campbell Song on the Billboard Hot 100 - Statistics

General Stats
  • This quiz has been taken 4 times
    3 since last reset
  • The average score is 6 of 13
Answer Stats
# Year Song % Correct
9 1994 Can We Talk
100%
85 1992 Goodbye
67%
9 1994 I'm Ready
67%
53 1992 Strawberry Letter 23
67%
75 1990 Tomorrow (A Better You, Better Me) (Quincy Jones)
67%
72 1992 Alone With You
33%
20 1994 Always In My Heart
33%
100 1999 Another Way
33%
47 1996 Back To The World
33%
71 1995 Don't Say Goodbye Girl
33%
88 1991 Just Ask Me To
33%
12 1991 Round And Round
33%
6 1992 Tell Me What You Want Me To Do
33%
No matching quizzes found
Score Distribution
Percent of People with Each Score
Percentile by Number Answered
Your Score History
You have not taken this quiz since the last reset